[Event "Titled Tuesday intern op 12th Mar Late"]
[Site "Chess.com INT"]
[Date "2024.03.12"]
[Round "9"]
[White "Ivanov, Svetlen"]
[Black "Mkrtchyan, Mikayel"]
[Result "0-1"]
[WhiteElo "1837"]
[BlackElo "2071"]
[PlyCount "68"]
[EventDate "2024.03.12"]
[EventType "swiss (blitz)"]
[EventRounds "11"]
[EventCountry "USA"]
[SourceTitle "CB12_2024"]
[SourceDate "2023.10.01"]
[SourceVersion "1"]
[SourceVersionDate "2023.10.01"]
[SourceQuality "1"]

1. d4 Nf6 2. c4 e6 3. g3 d5 4. Nf3 c6 5. Bg2 Bd6 6. 0-0 0-0 7. Qc2 Nbd7 8. Nbd2 Re8 9. e4 dxe4 10. Nxe4 Nxe4 11. Qxe4 Nf6 12. Qc2 c5 13. Be3 cxd4 14. Nxd4 Qe7 15. Nb3 Bd7 16. c5 Bc7 17. Bxb7 Rad8 18. Bg2 Bb5 19. Rfd1 Nd5 20. Bxd5 exd5 21. Nd4 Bd7 22. c6 Bh3 23. Nb5 Qf6 24. Qe2 Bb6 25. c7 Rc8 26. Rxd5 a6 27. Nd6 Bxe3 28. Nxe8 Qc6 29. Qxe3 Qxd5 30. f3 Bd7 31. Re1 Qc6 32. Qe7 Bxe8 33. Qd8 Qb6+ 34. Kh1 Rxd8 0-1

[Event "Balkan-ch U12"]
[Site "Tornelo INT"]
[Date "2020.11.01"]
[Round "5"]
[White "Ramaj, Ergit"]
[Black "Ivanov, Svetlen"]
[Result "1-0"]
[WhiteElo "1434"]
[BlackElo "1638"]
[PlyCount "25"]
[EventDate "2020.10.31"]
[EventType "swiss"]
[EventRounds "7"]
[EventCountry "NET"]
[SourceTitle "EXT 2023"]
[Source "ChessBase"]
[SourceDate "2022.10.05"]
[SourceVersion "1"]
[SourceVersionDate "2022.10.05"]
[SourceQuality "1"]

1. Nf3 Nf6 2. d4 e6 3. c4 b6 4. g3 Bb7 5. Bg2 c5 6. 0-0 Be7 7. Nc3 0-0 8. d5 d6 9. dxe6 fxe6 10. Bh3 e5 11. Ng5 Bc8 12. Bg2 h6 13. Nge4 1-0

[Event "Balkan-ch U12"]
[Site "Tornelo INT"]
[Date "2020.10.31"]
[Round "4"]
[White "Ivanov, Svetlen"]
[Black "Ipek, Egehan"]
[Result "0-1"]
[WhiteElo "1638"]
[BlackElo "1099"]
[PlyCount "70"]
[EventDate "2020.10.31"]
[EventType "swiss"]
[EventRounds "7"]
[EventCountry "NET"]
[SourceTitle "EXT 2023"]
[Source "ChessBase"]
[SourceDate "2022.10.05"]
[SourceVersion "1"]
[SourceVersionDate "2022.10.05"]
[SourceQuality "1"]

1. e4 c5 2. Nf3 e6 3. d4 cxd4 4. Nxd4 Nc6 5. Nc3 Qc7 6. Be3 a6 7. Be2 Nf6 8. f4 d6 9. Bf3 Bd7 10. 0-0 Be7 11. a4 0-0 12. Nb3 b6 13. g4 Rfc8 14. Bg2 Rab8 15. g5 Ne8 16. Qd2 b5 17. a5 Nb4 18. f5 Nxc2 19. Qxc2 b4 20. Bb6 Qc4 21. Nd2 Qc6 22. e5 d5 23. f6 Bc5+ 24. Kh1 Bxb6 25. axb6 bxc3 26. bxc3 Qxc3 27. Qxc3 Rxc3 28. Rfb1 Bb5 29. Bf1 Rxb6 30. Bxb5 Rxb5 31. Rxb5 axb5 32. Ra8 Kf8 33. fxg7+ Kxg7 34. Rxe8 Rc1+ 35. Kg2 Rc2 0-1

[Event "EU-ch U12"]
[Site "Bratislava"]
[Date "2019.08.03"]
[Round "2"]
[White "Ivanov, Svetlen"]
[Black "Madhavan, Sanjith1111"]
[Result "1-0"]
[WhiteElo "1717"]
[BlackElo "1440"]
[PlyCount "71"]
[EventDate "2019.08.02"]
[EventType "swiss"]
[EventRounds "9"]
[EventCountry "SVK"]
[SourceTitle "EXT 2020"]
[Source "ChessBase"]
[SourceDate "2019.10.17"]
[SourceVersion "1"]
[SourceVersionDate "2019.10.17"]
[SourceQuality "1"]

1. Nf3 Nf6 2. g3 g6 3. b4 Bg7 4. Bb2 0-0 5. Bg2 d6 6. 0-0 e5 7. d3 Nbd7 8. c4 c6 9. a4 Qc7 10. Nc3 d5 11. cxd5 Nxd5 12. Qb3 Qd6 13. b5 Qb4 14. Qxb4 Nxb4 15. Nd2 cxb5 16. axb5 Nc2 17. Rac1 Nd4 18. e3 Ne6 19. Nd5 Ndc5 20. Ba3 Nxd3 21. Bxf8 Nxc1 22. Bxg7 Ne2+ 23. Kh1 Nxg7 24. Bf3 Bh3 25. Ra1 Rd8 26. Ne4 Kf8 27. Ng5 Be6 28. Nxh7+ Kg8 29. Ndf6+ Kh8 30. Bxe2 Nf5 31. Ng5 Rd2 32. Re1 Bb3 33. Nge4 Bd5 34. Nxd5 Rxd5 35. Rd1 Rxd1+ 36. Bxd1 1-0

[Event "Wch U10"]
[Site "Santiago de Compostela"]
[Date "2018.11.09"]
[Round "5"]
[White "Tsirilman, Guy"]
[Black "Ivanov, Svetlen"]
[Result "1/2-1/2"]
[WhiteElo "1813"]
[BlackElo "1597"]
[PlyCount "92"]
[EventDate "2018.11.04"]
[EventType "swiss"]
[EventRounds "11"]
[EventCountry "ESP"]
[SourceTitle "EXT 2022"]
[Source "ChessBase"]
[SourceDate "2021.10.06"]
[SourceVersion "1"]
[SourceVersionDate "2021.10.06"]
[SourceQuality "1"]

1. Nf3 c5 2. g3 Nf6 3. Bg2 g6 4. 0-0 Bg7 5. d3 0-0 6. e4 Nc6 7. Nc3 d5 8. h3 dxe4 9. dxe4 Qxd1 10. Rxd1 Nb4 11. Ne1 Be6 12. a3 Nc6 13. Be3 Nd7 14. Nd3 Nd4 15. Bxd4 cxd4 16. Nd5 Bxd5 17. exd5 Rac8 18. Rd2 Nb6 19. b3 Rfd8 20. Re1 Bf6 21. d6 Rxd6 22. Bxb7 Rc7 23. Bg2 Nd7 24. f4 Nc5 25. Nxc5 Rxc5 26. Red1 Rc3 27. Kf2 g5 28. Bf1 gxf4 29. gxf4 e5 30. Bd3 Bh4+ 31. Kf3 Re6 32. Re2 exf4 33. Rxe6 fxe6 34. Kxf4 Rc5 35. Rg1+ Kf7 36. b4 Rd5 37. a4 Bf2 38. Rf1 Be3+ 39. Ke4+ Ke7 40. Bc4 Rh5 41. Rf3 Rf5 42. Rxf5 exf5+ 43. Kxf5 Kd6 44. Ke4 Bd2 45. b5 Kc5 46. Bd3 h6 1/2-1/2

[Event "Wch U10"]
[Site "Santiago de Compostela"]
[Date "2018.11.08"]
[Round "4"]
[White "Ivanov, Svetlen"]
[Black "Ngo, Bach"]
[Result "1/2-1/2"]
[WhiteElo "1597"]
[BlackElo "1810"]
[PlyCount "158"]
[EventDate "2018.11.04"]
[EventType "swiss"]
[EventRounds "11"]
[EventCountry "ESP"]
[SourceTitle "EXT 2022"]
[Source "ChessBase"]
[SourceDate "2021.10.06"]
[SourceVersion "1"]
[SourceVersionDate "2021.10.06"]
[SourceQuality "1"]

1. Nf3 Nf6 2. g3 d5 3. Bg2 c6 4. 0-0 Bg4 5. d4 e6 6. Ne5 Bf5 7. c4 Nbd7 8. Nc3 Be7 9. Bf4 0-0 10. Rc1 Nb6 11. cxd5 exd5 12. Qb3 Bd6 13. Rfd1 Qe7 14. a4 Nh5 15. a5 Nxf4 16. gxf4 Bxe5 17. fxe5 Nc4 18. e4 Bg4 19. f3 Be6 20. exd5 cxd5 21. Ra1 Qh4 22. Ne2 Rac8 23. Rd3 Bf5 24. Rc3 Qg5 25. Ng3 Nd2 26. Qd1 Rxc3 27. bxc3 Qe3+ 28. Kh1 Bg6 29. Ra2 Nb1 30. Re2 Qf4 31. Qe1 Rc8 32. Re3 Na3 33. Re2 Nc2 34. Qd2 Qxd2 35. Rxd2 Rxc3 36. f4 Ne3 37. Rf2 Rc1+ 38. Nf1 Bd3 39. Kg1 Nxf1 40. Bxf1 Bxf1 41. Rxf1 Rxf1+ 42. Kxf1 g6 43. Ke2 Kf8 44. Kd3 Ke7 45. Kc3 Kd7 46. Kb4 Kc6 47. Ka4 a6 48. Kb4 b5 49. Kc3 Kd7 50. Kb4 Ke6 51. Kc5 h6 52. h3 g5 53. f5+ Kxf5 54. Kxd5 h5 55. Kc6 g4 56. hxg4+ Kxg4 57. d5 h4 58. d6 h3 59. d7 h2 60. d8Q h1Q+ 61. Kb6 Qf1 62. Qd4+ Kf5 63. Qd5 Qc4 64. Qf3+ Kxe5 65. Qe3+ Kd5 66. Qg5+ Kd4 67. Qf4+ Kc3 68. Qc1+ Kb3 69. Qb1+ Ka3 70. Qa1+ Qa2 71. Qc3+ Ka4 72. Kxa6 b4 73. Qc6+ Ka3 74. Qc5 Qe6+ 75. Kb7 Qd7+ 76. Kb6 Qe6+ 77. Kb7 Qe4+ 78. Kb6 Ka2 79. a6 Qe6+ 1/2-1/2

[Event "Torredembarra op 20th"]
[Site "Torredembarra"]
[Date "2018.07.07"]
[Round "8"]
[White "Ivanov, Svetlen"]
[Black "Barberans Sola, Sebastian"]
[Result "0-1"]
[WhiteElo "1591"]
[BlackElo "1872"]
[PlyCount "56"]
[EventDate "2018.06.30"]
[EventType "swiss"]
[EventRounds "9"]
[EventCountry "ESP"]
[SourceTitle "CBM 185 Extra"]
[Source "ChessBase"]
[SourceDate "2018.07.29"]
[SourceVersion "1"]
[SourceVersionDate "2018.07.29"]
[SourceQuality "1"]

1. d4 Nf6 2. Nf3 d5 3. Bf4 e6 4. e3 c5 5. c3 Nc6 6. Bd3 Nh5 7. Bg5 Qb6 8. b3 h6 9. Bh4 g5 10. Ne5 Nxe5 11. dxe5 Ng7 12. Bg3 Nf5 13. Nd2 Bg7 14. Bxf5 exf5 15. 0-0 Be6 16. Qe2 Rd8 17. h3 d4 18. cxd4 cxd4 19. exd4 Rxd4 20. Rac1 0-0 21. Rfd1 Rfd8 22. Kh1 Qa5 23. Rc2 f4 24. Bh2 Bf5 25. Rb2 Qc3 26. Rdb1 Bxb1 27. Nxb1 Qc1+ 28. Bg1 Rd1 0-1

[Event "Torredembarra op 20th"]
[Site "Torredembarra"]
[Date "2018.07.04"]
[Round "5"]
[White "Guasch Figuerola, Agusti"]
[Black "Ivanov, Svetlen"]
[Result "0-1"]
[WhiteElo "2086"]
[BlackElo "1591"]
[PlyCount "44"]
[EventDate "2018.06.30"]
[EventType "swiss"]
[EventRounds "9"]
[EventCountry "ESP"]
[SourceTitle "CBM 185 Extra"]
[Source "ChessBase"]
[SourceDate "2018.07.29"]
[SourceVersion "1"]
[SourceVersionDate "2018.07.29"]
[SourceQuality "1"]

1. c4 c6 2. Nf3 g6 3. g3 Bg7 4. Bg2 Nf6 5. 0-0 0-0 6. b3 d5 7. Bb2 Qb6 8. Qc2 Na6 9. a3 Bg4 10. b4 Bf5 11. d3 dxc4 12. Qxc4 c5 13. bxc5 Qxb2 14. Ra2 b5 15. Qxf7+ Rxf7 16. Rxb2 Rb8 17. d4 Ne4 18. Rb3 Nc7 19. Rc1 Be6 20. Rb2 Bd5 21. Nbd2 Nxd2 22. Rxd2 Bh6 0-1

[Event "Sofia MGU op 184th"]
[Site "Sofia"]
[Date "2017.04.01"]
[Round "2"]
[White "Ivanov, Svetlen"]
[Black "Andreev, Dobrotich"]
[Result "1/2-1/2"]
[WhiteElo "1783"]
[BlackElo "1986"]
[PlyCount "80"]
[EventDate "2017.04.01"]
[EventType "swiss"]
[EventRounds "6"]
[EventCountry "BUL"]
[SourceTitle "CBM 177 Extra"]
[Source "ChessBase"]
[SourceDate "2017.04.27"]
[SourceVersion "1"]
[SourceVersionDate "2017.04.27"]
[SourceQuality "1"]

1. e4 c6 2. d4 d5 3. Nd2 dxe4 4. Nxe4 Bf5 5. Ng3 Bg6 6. Be3 e6 7. f4 Ne7 8. Bd3 Nd5 9. Qe2 Bxd3 10. Qxd3 Bd6 11. N1e2 Qc7 12. Rf1 Nd7 13. 0-0-0 Nxe3 14. Qxe3 0-0-0 15. Ne4 Be7 16. N2c3 Nf6 17. Nxf6 Bxf6 18. Ne4 Be7 19. g3 Rhe8 20. c3 f5 21. Nf2 Bf6 22. Nd3 Qe7 23. Rfe1 b6 24. Qf3 Kc7 25. Ne5 Bxe5 26. Rxe5 Qf7 27. Rde1 Rd5 28. Rxd5 exd5 29. Re5 Kd6 30. Qe3 Re6 31. Rxe6+ Qxe6 32. Qe5+ Qxe5 33. fxe5+ Ke6 34. Kd2 g5 35. Ke3 h6 36. h4 c5 37. b4 cxd4+ 38. cxd4 a5 39. bxa5 bxa5 40. a4 Ke7 1/2-1/2

[Event "Wch U08"]
[Site "Batumi"]
[Date "2016.10.23"]
[Round "5"]
[White "Ivanov, Svetlen"]
[Black "Atanasov, Anthony"]
[Result "1/2-1/2"]
[WhiteElo "1764"]
[BlackElo "1546"]
[PlyCount "137"]
[EventDate "2016.10.19"]
[EventType "swiss"]
[EventRounds "11"]
[EventCountry "GEO"]
[SourceTitle "CBM 175 Extra"]
[Source "ChessBase"]
[SourceDate "2016.12.12"]
[SourceVersion "1"]
[SourceVersionDate "2016.12.12"]
[SourceQuality "1"]

1. Nf3 Nf6 2. g3 g6 3. Bg2 Bg7 4. 0-0 0-0 5. d4 d5 6. c4 c6 7. Nc3 dxc4 8. Ne5 Be6 9. Re1 Nd5 10. Bf4 g5 11. Bd2 h6 12. Na4 Nd7 13. Nxd7 Bxd7 14. e4 Nc7 15. Be3 b6 16. Nc3 b5 17. f4 gxf4 18. gxf4 e6 19. Qh5 f5 20. exf5 exf5 21. Rad1 Be8 22. Qh3 Nd5 23. Nxd5 cxd5 24. Bf2 Qd6 25. Qf3 Bc6 26. Rd2 Qg6 27. Rde2 Rfe8 28. Kh1 Rxe2 29. Rxe2 Re8 30. Rxe8+ Qxe8 31. Qe3 Qxe3 32. Bxe3 b4 33. Bf1 Bb5 34. Kg2 Kf7 35. Kf2 Ke6 36. Ke1 a5 37. Kd1 Kd6 38. Kc1 Kc7 39. a3 Kb6 40. axb4 axb4 41. Bh3 Bd7 42. Kc2 Ka5 43. Bg2 Be6 44. Bf2 Bf6 45. Bf3 Ka4 46. Bg2 Bf7 47. Bh3 Be6 48. Bg2 Be7 49. Be1 b3+ 50. Kc1 Bb4 51. Bd2 Bxd2+ 52. Kxd2 Kb4 53. Bf1 Bd7 54. Be2 Bb5 55. Bf1 c3+ 56. bxc3+ Ka4 57. Bxb5+ Kxb5 58. Kc1 h5 59. h4 Kc4 60. Kb2 Kd3 61. Kxb3 Ke4 62. Kb4 Kxf4 63. c4 dxc4 64. Kxc4 Kg3 65. d5 f4 66. d6 f3 67. d7 f2 68. d8Q f1Q+ 69. Qd3+ 1/2-1/2

[Event "Wch U08"]
[Site "Batumi"]
[Date "2016.10.21"]
[Round "3"]
[White "Ivanov, Svetlen"]
[Black "Dovbnia, Nikita"]
[Result "1/2-1/2"]
[WhiteElo "1764"]
[BlackElo "1385"]
[PlyCount "80"]
[EventDate "2016.10.19"]
[EventType "swiss"]
[EventRounds "11"]
[EventCountry "GEO"]
[SourceTitle "CBM 175 Extra"]
[Source "ChessBase"]
[SourceDate "2016.12.12"]
[SourceVersion "1"]
[SourceVersionDate "2016.12.12"]
[SourceQuality "1"]

1. Nf3 d5 2. g3 Nf6 3. Bg2 g6 4. 0-0 Bg7 5. d4 0-0 6. c4 c6 7. Nc3 Ne4 8. cxd5 Nxc3 9. bxc3 cxd5 10. Bb2 Nc6 11. Rc1 Qb6 12. Qb3 Qxb3 13. axb3 Na5 14. Nd2 Bh6 15. f4 e6 16. e4 Rd8 17. c4 dxc4 18. bxc4 Bg7 19. e5 Nc6 20. d5 exd5 21. cxd5 Nb4 22. d6 Nd3 23. Rb1 Nxb2 24. Rxb2 Rxd6 25. Nc4 Rd7 26. Rfb1 Rb8 27. Ra2 a6 28. Rb6 Rd1+ 29. Kf2 Be6 30. Rd2 Rxd2+ 31. Nxd2 Bf8 32. Rxb7 Bc5+ 33. Ke1 Rxb7 34. Bxb7 a5 35. Bc6 Kf8 36. Ne4 Bb4+ 37. Ke2 Bc4+ 38. Ke3 Bb3 39. Nd2 Be6 40. Ne4 h5 1/2-1/2

[Event "Wch U08"]
[Site "Batumi"]
[Date "2016.10.20"]
[Round "2"]
[White "Brozka, Karel"]
[Black "Ivanov, Svetlen"]
[Result "0-1"]
[WhiteElo "1325"]
[BlackElo "1764"]
[PlyCount "86"]
[EventDate "2016.10.19"]
[EventType "swiss"]
[EventRounds "11"]
[EventCountry "GEO"]
[SourceTitle "CBM 175 Extra"]
[Source "ChessBase"]
[SourceDate "2016.12.12"]
[SourceVersion "1"]
[SourceVersionDate "2016.12.12"]
[SourceQuality "1"]

1. d4 Nf6 2. c4 g6 3. Nc3 d5 4. cxd5 Nxd5 5. e4 Nxc3 6. bxc3 c5 7. Nf3 Bg7 8. Rb1 Nc6 9. Be3 0-0 10. d5 Bxc3+ 11. Bd2 Bxd2+ 12. Qxd2 Nd4 13. Nxd4 cxd4 14. h4 e6 15. h5 exd5 16. hxg6 fxg6 17. Qh6 Qe7 18. Rb3 Qxe4+ 19. Be2 Rf7 20. f3 Qf4 21. Qxf4 Rxf4 22. g3 Rf8 23. Rb4 b6 24. Rxd4 Bb7 25. f4 Rfe8 26. Kd2 Re4 27. Rxe4 dxe4 28. Bc4+ Kg7 29. Ke3 Rc8 30. Rc1 b5 31. Rd1 Rxc4 32. Rd7+ Kh6 33. Rxb7 a6 34. g4 Ra4 35. g5+ Kh5 36. Rxh7+ Kg4 37. Rh6 Kf5 38. Rh4 Rxa2 39. Kd4 Rc2 40. Rh3 Rc4+ 41. Kd5 Kxf4 42. Ra3 Ra4 43. Rc3 e3 0-1

[Event "EU-ch U08 26th"]
[Site "Prague"]
[Date "2016.08.19"]
[Round "2"]
[White "Prokudin, Igor"]
[Black "Ivanov, Svetlen"]
[Result "0-1"]
[WhiteElo "1322"]
[BlackElo "1646"]
[PlyCount "110"]
[EventDate "2016.08.18"]
[EventType "swiss"]
[EventRounds "9"]
[EventCountry "CZE"]
[SourceTitle "CBM 174 Extra"]
[Source "ChessBase"]
[SourceDate "2016.10.10"]
[SourceVersion "1"]
[SourceVersionDate "2016.10.10"]
[SourceQuality "1"]

1. d4 Nf6 2. Nf3 g6 3. g3 Bg7 4. Bg2 d5 5. c4 0-0 6. 0-0 c5 7. Nc3 Nc6 8. cxd5 Nxd5 9. Nxd5 Qxd5 10. dxc5 Qxc5 11. e4 Rd8 12. Qb3 Be6 13. Qxb7 Na5 14. b4 Nxb7 15. bxc5 Bxa1 16. e5 Bd5 17. Be3 Bb2 18. Rb1 Ba3 19. Nd4 Bxg2 20. Kxg2 Bxc5 21. Nc6 Rd7 22. Rxb7 Rxb7 23. Bxc5 e6 24. Bd6 Rb6 25. Ne7+ Kg7 26. a3 Rxd6 27. exd6 Rd8 28. Nc6 Rxd6 29. Nxa7 Ra6 30. Nb5 Ra5 31. a4 Rxa4 32. Nc3 Rc4 33. Ne2 e5 34. Kf3 f5 35. Ke3 Kf6 36. Kd3 Rc5 37. Ke3 g5 38. f4 gxf4+ 39. gxf4 e4 40. Nd4 Rc3+ 41. Kf2 Rd3 42. Ne2 Rd2 43. Ke3 Rxe2+ 44. Kxe2 Ke6 45. Kd2 Kd5 46. Kc3 Kc5 47. h3 h6 48. h4 h5 49. Kd2 Kd4 50. Ke2 e3 51. Ke1 Ke4 52. Ke2 Kxf4 53. Ke1 Kf3 54. Kf1 e2+ 55. Ke1 f4 0-1

[Event "EU-ch U08 26th"]
[Site "Prague"]
[Date "2016.08.18"]
[Round "1"]
[White "Ivanov, Svetlen"]
[Black "Zieba, Hubert"]
[Result "1-0"]
[WhiteElo "1646"]
[BlackElo "1142"]
[PlyCount "117"]
[EventDate "2016.08.18"]
[EventType "swiss"]
[EventRounds "9"]
[EventCountry "CZE"]
[SourceTitle "CBM 174 Extra"]
[Source "ChessBase"]
[SourceDate "2016.10.10"]
[SourceVersion "1"]
[SourceVersionDate "2016.10.10"]
[SourceQuality "1"]

1. d4 Nf6 2. c4 c5 3. d5 b5 4. e3 bxc4 5. Bxc4 d6 6. Nc3 g6 7. Nf3 Bg7 8. Bb5+ Bd7 9. Bxd7+ Nbxd7 10. e4 0-0 11. 0-0 Rb8 12. Qc2 Qc7 13. Be3 Nb6 14. Rad1 Nc4 15. Bc1 Nd7 16. b3 Ncb6 17. Bb2 Rfc8 18. Nb5 Qb7 19. Bxg7 Kxg7 20. Na3 a6 21. Nc4 Nxc4 22. Qxc4 Qb5 23. Nd2 Qxc4 24. Nxc4 Nf6 25. f3 Nd7 26. f4 Nb6 27. Rc1 Nxc4 28. Rxc4 Rb4 29. Rfc1 Rcb8 30. Kf2 Rxc4 31. Rxc4 Rb4 32. Rxb4 cxb4 33. Ke3 f5 34. exf5 gxf5 35. Kd4 a5 36. Kc4 Kf6 37. Kb5 e5 38. fxe5+ dxe5 39. Kc6 e4 40. d6 e3 41. d7 Ke7 42. Kc7 f4 43. d8Q+ Ke6 44. Qd3 Ke5 45. g3 h5 46. gxf4+ Kxf4 47. Qe2 Ke4 48. Kb6 h4 49. Kxa5 h3 50. Kxb4 Kd4 51. a4 Ke4 52. a5 Kd4 53. a6 Ke5 54. a7 Ke4 55. a8Q+ Kf4 56. Qaf3+ Ke5 57. Qexe3+ Kd6 58. Qf6+ Kd5 59. Qee5# 1-0

[Event "Sofia ChessBomb op 3rd"]
[Site "Sofia"]
[Date "2016.04.16"]
[Round "2"]
[White "Ivanov, Svetlen"]
[Black "Nikolova, Adriana"]
[Result "0-1"]
[WhiteElo "1533"]
[BlackElo "2354"]
[PlyCount "60"]
[EventDate "2016.04.16"]
[EventType "swiss"]
[EventRounds "6"]
[EventCountry "BUL"]
[SourceTitle "CBM 171 Extra"]
[Source "ChessBase"]
[SourceDate "2016.04.26"]
[SourceVersion "1"]
[SourceVersionDate "2016.04.26"]
[SourceQuality "1"]

1. d4 Nf6 2. Nf3 e6 3. c4 Bb4+ 4. Nc3 b6 5. e3 Bb7 6. Bd3 0-0 7. 0-0 Bxc3 8. bxc3 d6 9. Re1 Ne4 10. Qc2 f5 11. Nd2 Qh4 12. g3 Qf6 13. f4 Nxd2 14. Bxd2 Nd7 15. e4 fxe4 16. Bxe4 Bxe4 17. Qxe4 e5 18. Qd5+ Kh8 19. dxe5 dxe5 20. Rf1 e4 21. Qxe4 Nc5 22. Qf3 Rad8 23. Rad1 Rd3 24. Qg2 Rfd8 25. Rf3 R3d6 26. Rff1 Qf5 27. Qf3 Qd7 28. Rf2 Rd3 29. Qe2 Na4 30. c5 Nxc3 0-1

[Event "Sofia MGU op 162nd"]
[Site "Sofia"]
[Date "2016.02.13"]
[Round "1"]
[White "Ivanov, Svetlen"]
[Black "Gelemerov, Yane"]
[Result "0-1"]
[WhiteElo "1544"]
[BlackElo "2046"]
[PlyCount "88"]
[EventDate "2016.02.13"]
[EventType "swiss"]
[EventRounds "6"]
[EventCountry "BUL"]
[SourceTitle "CBM 170 Extra"]
[Source "ChessBase"]
[SourceDate "2016.02.25"]
[SourceVersion "1"]
[SourceVersionDate "2016.02.25"]
[SourceQuality "1"]

1. d4 Nf6 2. Nf3 e6 3. Bf4 d5 4. e3 Nbd7 5. Bd3 c5 6. c3 b6 7. 0-0 Be7 8. Nbd2 Bb7 9. Ne5 Nxe5 10. dxe5 Nd7 11. Qg4 g6 12. Nf3 Qc7 13. h4 h5 14. Qg3 0-0-0 15. Ng5 Bxg5 16. Bxg5 Rde8 17. Bb5 Bc6 18. Bxc6 Qxc6 19. Rfd1 Qc7 20. Bf4 Nb8 21. Bg5 Nd7 22. Bf4 Kb7 23. c4 dxc4 24. Qf3+ Kc8 25. Rd6 Nb8 26. Bg5 Qb7 27. Qf4 Nc6 28. Bf6 Rhg8 29. Qxc4 Ne7 30. Bxe7 Rxe7 31. Rad1 Rc7 32. Qf4 Kb8 33. Qf6 Rgc8 34. Rd8 a6 35. R8d6 c4 36. Qf4 Ka7 37. Qd4 Rc5 38. a4 R8c7 39. Qc3 Ra5 40. Qb4 Rxe5 41. Qc3 Ra5 42. Qb4 Rd5 43. R6xd5 exd5 44. Qc3 a5 0-1

[Event "EU Union-ch U08 13th"]
[Site "Mureck"]
[Date "2015.08.07"]
[Round "3"]
[White "Ivanov, Svetlen"]
[Black "Katter, Marlene"]
[Result "1-0"]
[WhiteElo "1578"]
[BlackElo "1189"]
[PlyCount "107"]
[EventDate "2015.08.05"]
[EventType "swiss"]
[EventRounds "9"]
[EventCountry "AUT"]
[SourceTitle "EXT 2016"]
[Source "ChessBase"]
[SourceDate "2015.10.08"]
[SourceVersion "1"]
[SourceVersionDate "2015.10.08"]
[SourceQuality "1"]

1. d4 d5 2. Nf3 c6 3. Bf4 Bf5 4. e3 e6 5. Bd3 Bg6 6. 0-0 Nf6 7. c3 Be7 8. Qc2 Nbd7 9. Nbd2 0-0 10. Ne5 c5 11. Bg3 c4 12. Bxg6 hxg6 13. f4 Nxe5 14. dxe5 Ng4 15. Rf3 Bc5 16. Nf1 Qb6 17. Re1 Rfd8 18. h3 Nh6 19. Bf2 Rac8 20. g4 Kf8 21. Re2 Qa6 22. Nd2 Rd7 23. Bg3 Rcd8 24. Rg2 Qb6 25. Bf2 Qa6 26. a3 b5 27. h4 Be7 28. Rh3 Ke8 29. g5 Ng8 30. h5 Qa4 31. Qb1 Rc7 32. hxg6 Kd7 33. gxf7 Rcc8 34. fxg8Q Rxg8 35. f5 exf5 36. Qxf5+ Kc6 37. Qe6+ Kb7 38. Qxe7+ Rc7 39. Qe6 Qd1+ 40. Nf1 Rcc8 41. Rg4 Rge8 42. Qf5 Rf8 43. Qd7+ Rc7 44. Qxb5+ Ka8 45. Rd4 Qc2 46. Qxd5+ Rb7 47. Rd2 Qf5 48. Rg3 Rfb8 49. Rd4 Rf8 50. Rf4 Qc8 51. Rgf3 Rxf4 52. Rxf4 Qd7 53. Rf8+ Qc8 54. Rxc8# 1-0

[Event "EU Union-ch U08 13th"]
[Site "Mureck"]
[Date "2015.08.06"]
[Round "2"]
[White "Maiberg, Leon"]
[Black "Ivanov, Svetlen"]
[Result "0-1"]
[WhiteElo "920"]
[BlackElo "1578"]
[PlyCount "28"]
[EventDate "2015.08.05"]
[EventType "swiss"]
[EventRounds "9"]
[EventCountry "AUT"]
[SourceTitle "EXT 2016"]
[Source "ChessBase"]
[SourceDate "2015.10.08"]
[SourceVersion "1"]
[SourceVersionDate "2015.10.08"]
[SourceQuality "1"]

1. d4 d5 2. c4 c6 3. Nf3 Nf6 4. Nc3 dxc4 5. a4 Bd7 6. e4 b5 7. Ne5 e6 8. Bg5 Be7 9. d5 exd5 10. exd5 Nxd5 11. Nxd5 Bxg5 12. Qf3 Be6 13. Nf4 Qd4 14. Nxe6 Qd2# 0-1